| 000 | 01086nam a2200253Ia 4500 | ||
|---|---|---|---|
| 003 | OSt | ||
| 005 | 20221005112105.0 | ||
| 006 | a|||||r|||| 00| 0 | ||
| 007 | ta | ||
| 008 | 221004b |||||||| |||| 00| 0 hin d | ||
| 024 | _a14297 | ||
| 037 |
_bGift, 05/11/2014, _cTextual |
||
| 040 |
_aCRL _cCRL _bhin |
||
| 041 |
_2hin _ahin |
||
| 082 | _aDelta2wN08, 152Q3 | ||
| 100 | _aआर्या, शकुन्तला, संपा. | ||
| 245 | 0 |
_aकर्मयोग के पथिक _b स्वामी देवानन्द सरस्वती |
|
| 246 | _aKarmayog ke pathika: swāmī devānanda sarasvatī | ||
| 260 |
_aहिसार _bस्वामी देवानन्द सरस्वती वेद प्रतिष्ठान भारत _c2013 |
||
| 300 |
_a178पृ0 _ccm. |
||
| 650 | _aआध्यात्मिक अनुभव और रहस्यवाद | ||
| 942 |
_hDelta2wN08, 152Q3 _cTEXL _2cc |
||
| 999 |
_c1023794 _d1023794 |
||